000
00256nam a2200097Ia 4500
001
640145
005
20250826153442.0
008
250824s9999 xx 000 0 und d
245
0
_a
MÜSLÜMANLARIN TARİHİ 4
_c
İHSAN SÜRAYYA SIRMA
260
_b
BEYAN YAYINLARI
999
_c
640145
_d
640145